| 000 | 00524nam a22001817a 4500 | ||
|---|---|---|---|
| 999 |
_c41733 _d41733 |
||
| 003 | OSt | ||
| 005 | 20221104103428.0 | ||
| 008 | 221104b ||||| |||| 00| 0 eng d | ||
| 020 | _a9789814581561 | ||
| 040 | _coclc | ||
| 082 |
_2Ninth edition _a579 _bWIL/P |
||
| 100 |
_99254 _awilley, Joanne M. |
||
| 245 |
_aPrescott's microbiology / _cJoanne M Willey |
||
| 250 | _aNinth edition | ||
| 260 |
_aNew York: _bMcGraw Hill, _c2014 |
||
| 300 | _anil | ||
| 942 |
_2ddc _cBK _eNinth edition _h579 _iWIL/P _k579 |
||